NADĚJE V TERAPII METASTAZUJÍCÍHO MELANOMU, KTERÁ VŠAK MUSÍ BÝT DÁLE EVALUOVÁNA?

Bibliographic Details
Main Authors: Vykutilová, S. (Author), Pospíšilová, Alena, 1945- (Author)
Format: Article
Language:Czech

MARC

LEADER 00000nab a2200000uu 4500
001 vtls011460004
003 SK-MaSNL
005 20260305044418.0
008 230218|2008 xo |||||||||||||||||cze|
015 |a SNBRB 
035 |a (urnnbn)urn:nbn:sk:snk:ar-a0abg1 
035 |a (uuid)02fe6aeb-b5ad-43bd-ac7b-d1644a4cc00d 
035 |a urn:nbn:sk:snk-abcu0b 
040 |a SNKBUCL  |b slo  |c SNKBUCL  |e AACR2 
041 0 |a cze 
044 |a xo  |c SK 
100 1 |a Vykutilová, S.  |4 aut  |9 1627646 
245 1 0 |a NADĚJE V TERAPII METASTAZUJÍCÍHO MELANOMU, KTERÁ VŠAK MUSÍ BÝT DÁLE EVALUOVÁNA?  |c S. Vykutilová, A. Pospíšilová 
700 1 |a Pospíšilová, Alena,  |d 1945-  |4 aut  |9 194861 
773 0 |t Derma 3. tisícročia : odborný časopis dermatovenerológie, estetickej dermatológie a kozmetiky  |g Roč. 8, č. 2-4 (2008), s. 66-68 
954 |a odborná, vedecká literatúra cudzojazyčná (svetová)  |2 lita 
958 |a OND 
958 |a EUIPO 
958 |a article16 
999 |c 3358554  |d 3360484